Number of nuclear weapons worldwide - Statistics

General Stats
  • This quiz has been taken 33 times
  • The average score is 8 of 9
Answer Stats
Number Country % Correct
6185 United-States
100%
300 France
93%
200 United Kingdom
93%
290 China
90%
20-30 North Korea
90%
6500 Russia
90%
80-90 Israel
87%
150-160 Pakistan
87%
130-140 India
83%
No matching quizzes found
Score Distribution
Percent of People with Each Score
Percentile by Number Answered
Your Score History
You have not taken this quiz